| 000 | 01033nam a2200301 i 4500 | ||
|---|---|---|---|
| 001 | 186427 | ||
| 003 | SpMaBN | ||
| 005 | 20250708063343.0 | ||
| 008 | 161111s1986 fr |||| |dfre d | ||
| 020 | _a2-07-010960-7 | ||
| 080 | _a821.133.1-82"18" | ||
| 100 | 0 |
_aVigny, Alfred de, _d1797-1863 _9114659 |
|
| 245 | 1 | 0 |
_aOeuvres complètes. _nI, _pPoésie, théâtre / _cAlfred de Vigny ; texte présenté, établi et annoté par François Germain et André Jarry. |
| 246 | 3 | 0 | _aPoésie |
| 246 | 3 | 0 | _aThéâtre |
| 250 | _aNouvelle éd. | ||
| 260 |
_a[Paris] : _bGallimard, _c[1986] |
||
| 300 |
_a1 v. (LI, 1572 p.) ; _c18 cm. |
||
| 490 | 1 |
_aBibliothèque de la Pléiade ; _v74 |
|
| 500 | _aCronología. | ||
| 500 | _aÍndice. | ||
| 504 | _aBibliografía: p. [1549]-1551. | ||
| 505 | 8 | _aContiene: v. 1 | |
| 700 | 1 |
_aJarry, André. _9161212 |
|
| 830 | 0 |
_aBibliothèque de la Pléiade ; _v74 _9180233 |
|
| 852 |
_aES-MaACL _jL-30785 _z- enc. guaflex _z. - Donat. Miguel A. Velasco |
||
| 999 |
_c186427 _d186427 |
||